000 00327nam a2200145 i 4500
001 bg
100 1 _aCANTEK, Leszek
245 0 _aSprężarki chłodnicze /
_cL. Cantek.
260 _aGdańsk,
_c1986.
040 _cBPK
041 _apol
080 _a621.56(075.8)
942 _cKS
008 s pl f |000 0 pol
999 _c3290
_d3290
856 _uhttp://koha.tu.koszalin.pl/cgi-bin/koha/opac-detail.pl?biblionumber=3290
_yKatalog online BPK